000
00222 a2200097 4500
001
21188
100
_a
Selby, S M
245
_a
Standard Mathematical tables
260
_a
_b
Chemical Rubber Co
_c
1968
090
_c
15067
_d
15067
942
_a
NUST-CAE
_c
M
_c
5633
999
_c
256261
_d
256261